000 005320000a22002170004500
003 LK-CoMWRAF
005 20230916151034.0
008 230817t1991 ||||| |||| 00| 0 eng d
020 _a0060631260
040 _aLK-CoMWRAF
_dLK-CoMWRAF
_eLK-CoMWRAF
041 _aeng
082 _a297.03
_bGLA
100 _aGlasse, Cyril
245 _aThe Concise Encyclopedia of Islam
260 _aNew York :
_c1991
300 _a472p
500 _aBibliography
650 _aIslam-Dictionaries
650 _aIslam-History
942 _cBK
999 _c3180
_d3180